00473nam a2200145Ia 4500008004100000245006300041260003500104260000900139300000800148650001800156650001500174856004600189999001900235952007300254170221s9999 xx 000 0 und d aL2 Fossilization: A Competence or a Performance Phenomenon bThe Open Communication Journal c2014 a8 : xCommunication xMedia Arts uhttps://benthamopen.com/TOCOMMJ/VOLUME/8/ c307176d307176 001040aCLbCLd2017-02-21l0r2017-02-21 00:00:00w2017-02-21yFOJ